000 00742nam a22001935i 4500
001 48444
003 ES-MaACL
005 20250728180516.0
007 t|
008 950719s1866 fr ||||1| fre d
040 _aCAM
_bspa
_cCAM
100 1 _aDu Deffand, Marie de Vichy-Chamrond
_cMarquise.
_945705
245 1 0 _aCorrespondance complète de Mme du Deffand avec la duchesse de Choiseui, l'abbé Barthélemy et M. Craufurt /
_cpubliée avec une introduction par M. le Marquis de Sainte-Aulaire.
260 _aParis :
_bMichel Lévy fréres,
_c1866.
300 _a3 v. ;
_c24 cm.
700 1 _aSaint-Aulaire, Auguste-Felix-Charles de Beaupoil,
_ccomte de,
_d1866-1954
_9101514
852 _aES-MaACL
_jF-6997-9
999 _c48444
_d48444